Pharmacy Practice (Record no. 3616)

MARC details
000 -LEADER
fixed length control field 00366nam a2200157Ia 4500
008 - FIXED-LENGTH DATA ELEMENTS--GENERAL INFORMATION
fixed length control field 230312s9999||||xx |||||||||||||| ||und||
020 ## - INTERNATIONAL STANDARD BOOK NUMBER
International Standard Book Number 9788130900056
082 ## - DEWEY DECIMAL CLASSIFICATION NUMBER
Classification number 612
Item number STO-P
100 ## - MAIN ENTRY--PERSONAL NAME
Personal name Stone ,Patricia
245 #0 - TITLE STATEMENT
Title Pharmacy Practice
260 ## - PUBLICATION, DISTRIBUTION, ETC.
Name of publisher, distributor, etc. VIVA Books PRIVATE lmt
Place of publication, distribution, etc. India
Date of publication, distribution, etc. 2008
300 ## - PHYSICAL DESCRIPTION
Extent 355
546 ## - LANGUAGE NOTE
Language note Eng.
650 ## - SUBJECT ADDED ENTRY--TOPICAL TERM
Topical term or geographic name entry element Pharmacy
942 ## - ADDED ENTRY ELEMENTS (KOHA)
Koha item type BOOK
Holdings
Withdrawn status Lost status Source of classification or shelving scheme Damaged status Not for loan Home library Current library Date acquired Total Checkouts Full call number Barcode Date last seen Price effective from Koha item type
    Dewey Decimal Classification     Superior Information Resource Center (SIRC) Superior University- Main Campus Superior Information Resource Center (SIRC) Superior University- Main Campus 03/13/2023   612 STO-P 3639 03/13/2023 03/13/2023 BOOK

Powered by Koha